000 00631nam a2200181 i 4500
001 34952
003 ES-MaACL
005 20230906155027.0
007 t|
008 030211s1966 sp ||||1| spa d
100 1 _aBorrás, Juan José Antonio.
_930552
245 1 0 _aAnecdotario de un médico cirujano /
_cJuan José Antonio Borrás ; ilustrado por Manuel Picardo Castellón y José Borrás Vallino.
260 _aValencia :
_bLópez Mezquita,
_c[1966]
300 _a221 p. :
_bil. ;
_c18 cm.
700 1 _aPicardo Castellón, Manuel.
_991786
700 1 _aBorrás Vallino, José.
_930562
852 _aES-MaACL
_jC-29665
_bR.60025
999 _c34952
_d34952